000 00495nam a22001817a 4500
005 20251030144246.0
008 251030b |||||||| |||| 00| 0 eng d
040 _aMAIN
082 _a511.8
_bM471T
100 _aMeenakshi
245 _aTraffic flow modeling using lattice hydrodynamics approach
260 _bDeaprtment of Mathematics, M D University, Rohtak
_c2024
300 _axviii, 135
650 _aMathematics
650 _aTraffic Flow
700 _aRedhu, Poonam
942 _cTH
999 _c393742
_d393742